Beginning object-oriented Programming with VB 2005: (Record no. 217)

MARC details
000 -LEADER
fixed length control field 01202cam a22003257a 4500
001 - CONTROL NUMBER
control field 14423781
003 - CONTROL NUMBER IDENTIFIER
control field OSt
005 - DATE AND TIME OF LATEST TRANSACTION
control field 20230208120040.0
008 - FIXED-LENGTH DATA ELEMENTS--GENERAL INFORMATION
fixed length control field 060622s2006 caua 001 0 eng d
010 ## - LIBRARY OF CONGRESS CONTROL NUMBER
LC control number 2006278450
020 ## - INTERNATIONAL STANDARD BOOK NUMBER
International Standard Book Number 1590595769 (pbk.)
035 ## - SYSTEM CONTROL NUMBER
System control number (OCoLC)ocm62877268
040 ## - CATALOGING SOURCE
Original cataloging agency INO
Transcribing agency INO
Modifying agency UAT
-- VPI
-- BAKER
-- DLC
042 ## - AUTHENTICATION CODE
Authentication code lccopycat
050 00 - LIBRARY OF CONGRESS CALL NUMBER
Classification number QA76.64
Item number .C5 2006
082 00 - DEWEY DECIMAL CLASSIFICATION NUMBER
Classification number 005.117 CLA 2006
Edition number 22
100 1# - MAIN ENTRY--PERSONAL NAME
Personal name Clark, Daniel R.
Dates associated with a name 1963-
9 (RLIN) 567
245 10 - TITLE STATEMENT
Title Beginning object-oriented Programming with VB 2005:
Remainder of title from novice to professional
260 ## - PUBLICATION, DISTRIBUTION, ETC. (IMPRINT)
Place of publication, distribution, etc. Berkeley, CA :
Name of publisher, distributor, etc. Apress,
Date of publication, distribution, etc. c2006.
300 ## - PHYSICAL DESCRIPTION
Extent xvi, 368 p. :
Other physical details ill. ;
Dimensions 24 cm.
500 ## - GENERAL NOTE
General note "The expert's voice in .NET"--Cover.
500 ## - GENERAL NOTE
General note Includes index.
630 00 - SUBJECT ADDED ENTRY--UNIFORM TITLE
Uniform title Visual Basic.
9 (RLIN) 568
650 #0 - SUBJECT ADDED ENTRY--TOPICAL TERM
Topical term or geographic name as entry element Object-oriented programming (Computer science)
9 (RLIN) 569
856 41 - ELECTRONIC LOCATION AND ACCESS
Materials specified Table of contents only
Uniform Resource Identifier <a href="http://www.loc.gov/catdir/toc/fy0610/2006278450.html">http://www.loc.gov/catdir/toc/fy0610/2006278450.html</a>
856 42 - ELECTRONIC LOCATION AND ACCESS
Materials specified Publisher description
Uniform Resource Identifier <a href="http://www.loc.gov/catdir/enhancements/fy0663/2006278450-d.html">http://www.loc.gov/catdir/enhancements/fy0663/2006278450-d.html</a>
906 ## - LOCAL DATA ELEMENT F, LDF (RLIN)
a 7
b cbc
c copycat
d 2
e ncip
f 20
g y-gencatlg
942 ## - ADDED ENTRY ELEMENTS (KOHA)
Source of classification or shelving scheme Other/Generic Classification Scheme
Koha item type Book Bank
Holdings
Withdrawn status Lost status Source of classification or shelving scheme Damaged status Not for loan Home library Current library Date acquired Source of acquisition Inventory number Total Checkouts Full call number Barcode Date last seen Koha item type
    Other/Generic Classification Scheme     MUST Main Library MUST Main Library 16/07/2014 Purchase 11/33858   005.117 CLA 2006 2014-0788 16/07/2014 Open Shelf